00245pam a2200109 a 4500020000500000041000500005082000900010100002200019245006100041260002200102300001100124 c h a5.54 aMICROSOFTeauthor aExcel 97 Worksheet: Function ReferencehTextual Document bMicrosoft -c1996 aXX,285